000 00414nam a2200181Ia 4500
008 151202s9999||||xx |||||||||||||| ||und||
082 _bPNVM-71436
100 _aROBERTS NORA.
245 _aBirthright.
260 _b"JOVE BOOKS,NEW YORK."
260 _c2004
300 _a502
600 _aROBERTS NORA.
630 _aBirthright.
700 _aROBERTS NORA.
730 _aBirthright.
942 _cBOOK
999 _c1338075
_d1338072